000 00516nam a2200193Ia 4500
003 GCL
008 140319s9999 xx 000 0 eng d
040 _aGCL /
_cGCL
082 0 4 _a621.3815
_bF M
100 1 _aFABRICUS, EUGEN
245 1 0 _aMODERN DIGITAL DESIGN AND SWITCHING THEORY /
_cFABRICUS, EUGEN
260 _a[S.N] :
_bCRC PRESS ،
_c1992
300 _a476
650 0 4 _aSYSTEM DESIGN
650 0 4 _aSWITCHING CIRUITS
650 0 4 _aDIGITAL ELECTRONICS
650 0 4 _aSWITCHING THEORY
942 _2ddc
_cBK
999 _c11550
_d11550